Atlas of the biblical world (Record no. 13061)
[ view plain ]
| 000 -LEADER | |
|---|---|
| fixed length control field | 00423 a2200133 4500 |
| 245 ## - TITLE STATEMENT | |
| Title | Atlas of the biblical world |
| Medium | atlas |
| 020 ## - INTERNATIONAL STANDARD BOOK NUMBER | |
| International Standard Book Number | 0517383578 |
| 650 ## - SUBJECT ADDED ENTRY--TOPICAL TERM | |
| Topical term or geographic name entry element | Programming |
| 260 ## - PUBLICATION, DISTRIBUTION, ETC. | |
| Place of publication, distribution, etc. | nyu |
| Name of publisher, distributor, etc. | Greenwich House |
| Date of publication, distribution, etc. | 1982 |
| 084 ## - | |
| -- | G2230 .R47 1982 |
| 300 ## - PHYSICAL DESCRIPTION | |
| Extent | 1 atlas (224 p.) : ill. (some col.), col. maps |
| Other physical details | 3 |
| Dimensions | 1 atlas (224 p.) : ill. (some col.), col. maps ; 3 |
| 500 ## - GENERAL NOTE | |
| General note | by Joseph Rhymer. |
No items available.